Use of fillers in latex dipped articles: How to get more for less ? (Record no. 71836)

MARC details
000 -LEADER
fixed length control field 00386nam a2200133Ia 4500
100 ## - MAIN ENTRY--AUTHOR NAME
Personal name Hill David
245 #0 - TITLE STATEMENT
Title Use of fillers in latex dipped articles: How to get more for less ?
260 ## - PUBLICATION, DISTRIBUTION, ETC. (IMPRINT)
Name of publisher Rubber Asia: Margma Special 2014
Year of publication 2014
300 ## - PHYSICAL DESCRIPTION
Number of Pages 36,38,40,42,44
650 ## - SUBJECT ADDED ENTRY--TOPICAL TERM
Topical Term Fillers
650 ## - SUBJECT ADDED ENTRY--TOPICAL TERM
Topical Term Latex dipped articles
942 ## - ADDED ENTRY ELEMENTS (KOHA)
Koha item type Journals
Holdings
Withdrawn status Lost status Damaged status Not for loan Home library Current library Shelving location Date acquired Serial Enumeration / chronology Koha item type
      Journals RRII Library RRII Library Rubber technology 22/10/2014 Volume, Issue Sept Journals